00406 a2200121 4500001001000000005001700010008004100027245008800068100002900156700002200185773006000207999001700267ART_4717120260410161850.0260409a 10aMedidas alternativas de la pobreza por ingresos para el Gran Buenos Aires 1980-19951 aAlbornoz Crespo, Facundo1 aPetrecolla, Diego0 tEconómicag- Año XLII, Nº 1/2 (ene. 1996)wREV7541 c24937d24937